Provinces of Belgium | België | Belgique | Belgien - Statistics

General Stats
  • This quiz has been taken 116 times
  • The average score is 10 of 11
Answers on the Map
Answers color-coded by a green-red scale on the quiz's map according to % correct below.
 
Answer Stats
Answer % Correct
Antwerpen
97%
Bruxelles
97%
Luxembourg
93%
Liège
92%
West Vlaanderen
90%
Oost Vlaanderen
88%
Namur
86%
Brabant Wallon
85%
Vlaams Brabant
85%
Hainaut
84%
Limburg
82%
No matching quizzes found
Score Distribution
Percent of People with Each Score
Percentile by Number Answered
Your Score History
You have not taken this quiz